000 00816nam a2200205 a 4500
001 000034140
005 20200930070816.0
008 110926s1798 sp 000 0 spa d
040 _aDO-SdBNP
_bspa
_cBNPHU
082 _a349.46
_bE77t
110 2 _aEspaña.
_94524
240 1 0 _a[Leyes, etc.]
245 1 0 _aTeatro de la legislación universal de España e Indias, por orden cronológico de sus cuerpos, y decisiones no recopiladas, y alfabético de sus títulos y principales materias /
_cAntonio Xavier Pérez y López.
260 _aMadrid :
_bImprenta de Don Antonio Espinosa,
_c1798.
300 _av. ;
_c23 cm.
500 _aLa biblioteca posee el v. 26
651 4 _aEspaña
_xLegislación
_959557
700 1 2 _aPerez y López, Antonio Xavier,
_d1736-1792
_959558
910 _aValidado. Control de calidad MFF
999 _c33631
_d33631